000 00538nam a22001937a 4500
005 20260428141907.0
008 260428b |||||||| |||| 00| 0 eng d
020 _a9789392234651
040 _cAL
041 _aEnglish
082 _a343.0721
_bMYNL
100 _aS R Myneni
_9263051
245 _aLaw on infrastructure development
260 _aHaryana
_bNew Era law publication
_c2023
300 _a630 p.
_bPB
_c24x16 cm.
365 _a1368
_b₹521.25
_c
_d₹695.00
_e25%
_f21-03-2026
650 _alaw
_9263052
942 _2ddc
_cBK
999 _c241373
_d241373